[Event "Niederbayernliga 1516"]
[Site "Bayern"]
[Date "2016.03.13"]
[Round "8.3"]
[White "Berisha, Regjep"]
[Black "Wolf, Andreas2222"]
[Result "1-0"]
[WhiteElo "1931"]
[BlackElo "1877"]
[PlyCount "127"]
[EventDate "2015.10.11"]
[EventType "team-tourn"]
[EventRounds "9"]
[EventCountry "GER"]
[SourceTitle "EXT 2023"]
[Source "ChessBase"]
[SourceDate "2022.10.05"]
[SourceVersion "1"]
[SourceVersionDate "2022.10.05"]
[SourceQuality "1"]
[WhiteTeam "Roehrnbach II"]
[BlackTeam "Grafenau"]
[WhiteTeamCountry "GER"]
[BlackTeamCountry "GER"]

1. e4 c5 2. b4 d5 3. e5 cxb4 4. d4 Bf5 5. h4 Qc8 6. Bd3 Bxd3 7. Qxd3 e6 8. a3 Nc6 9. Ne2 a6 10. h5 h6 11. Rh3 b5 12. Rf3 Qc7 13. Nf4 Nge7 14. g4 Qb6 15. Be3 Rc8 16. Kf1 bxa3 17. Nxa3 Na5 18. Kg2 Nc4 19. c3 Nxa3 20. Rxa3 Nc6 21. Ra1 Be7 22. Nh3 Nd8 23. Rh1 Qc6 24. Rc1 Qc4 25. Qb1 Ba3 26. Rg1 Qe2 27. g5 Qb2 28. Qd1 Rxc3 29. g6 fxg6 30. Nf4 Qc2 31. Qf1 Rf8 32. Nxg6 Rxf3 33. Kxf3 Qf5+ 34. Nf4 Qe4+ 35. Kg3 Be7 36. Ne2 Qh4+ 37. Kg2 Qg4+ 38. Ng3 Bh4 39. Kh1 Qf3+ 40. Kh2 Nf7 41. Qh3 Bxg3+ 42. Rxg3 Qf5 43. Qxf5 exf5 44. Rxg7 Rd3 45. e6 Ng5 46. Bxg5 hxg5 47. h6 Rxd4 48. h7 Rh4+ 49. Kg3 b4 50. Rg8+ Ke7 51. h8Q Rxh8 52. Rxh8 d4 53. Rb8 Kxe6 54. Rxb4 Ke5 55. Kf3 g4+ 56. Ke2 Ke4 57. Ra4 f4 58. f3+ gxf3+ 59. Kf2 Kd3 60. Kxf3 Kc3 61. Ra3+ Kc2 62. Ke4 a5 63. Kxd4 f3 64. Ke3 1-0

[Event "Niederbayernliga 1516"]
[Site "Bayern"]
[Date "2016.01.17"]
[Round "5.2"]
[White "Berisha, Regjep"]
[Black "Schmaus, Horst"]
[Result "0-1"]
[WhiteElo "1931"]
[BlackElo "2055"]
[PlyCount "135"]
[EventDate "2015.10.11"]
[EventType "team-tourn"]
[EventRounds "9"]
[EventCountry "GER"]
[SourceTitle "EXT 2023"]
[Source "ChessBase"]
[SourceDate "2022.10.05"]
[SourceVersion "1"]
[SourceVersionDate "2022.10.05"]
[SourceQuality "1"]
[WhiteTeam "Roehrnbach II"]
[BlackTeam "Landshut"]
[WhiteTeamCountry "GER"]
[BlackTeamCountry "GER"]

1. e4 c5 2. b4 cxb4 3. d4 d5 4. e5 e6 5. a3 Nc6 6. axb4 Nxb4 7. c3 Nc6 8. Bd3 Nge7 9. h4 Bd7 10. Ba3 Rc8 11. Ne2 a6 12. Rh3 Na5 13. h5 Nc4 14. Bc1 Bb5 15. Nf4 Nc6 16. Qg4 Qd7 17. Rg3 Kd8 18. Na3 Nxa3 19. Bxa3 Ne7 20. Bc5 Bxd3 21. Rxd3 Nf5 22. Bb6+ Ke8 23. Qd1 g5 24. Nh3 h6 25. g4 Nh4 26. Rb1 Be7 27. Kf1 f6 28. exf6 Bxf6 29. Re3 Kf7 30. Qe2 Rc6 31. Bc5 b5 32. Re1 Re8 33. Kg1 Qc7 34. Rf1 e5 35. f4 gxf4 36. Nxf4 Rxc5 37. dxc5 Qxc5 38. Nd3 Qb6 39. Kh1 e4 40. Nf4 Qc6 41. Qa2 Rd8 42. Rd1 Bg5 43. Nxd5 Qe6 44. Rg3 Kg7 45. c4 bxc4 46. Qxc4 Nf3 47. Rxf3 exf3 48. Qc3+ Kg8 49. Qxf3 Rf8 50. Qg2 a5 51. Nc7 Qe3 52. Qd5+ Rf7 53. Rd3 Qc1+ 54. Kg2 Qxc7 55. Rf3 Bf4 56. Qe6 Qc2+ 57. Rf2 Qc7 58. Re2 Qb7+ 59. Kg1 Kg7 60. Qg6+ Kf8 61. Kf2 Bg5+ 62. Kg3 Qb3+ 63. Kh2 Bf4+ 64. Kg2 Qd5+ 65. Kf1 Qd1+ 66. Re1 Qf3+ 67. Kg1 Be3+ 68. Kh2 0-1

[Event "Niederbayern-ch"]
[Site "Roehrnbach"]
[Date "2014.04.26"]
[Round "6"]
[White "Berisha, Regjep"]
[Black "Mueller, Michael3333"]
[Result "0-1"]
[WhiteElo "1949"]
[BlackElo "2088"]
[PlyCount "87"]
[EventDate "2014.04.24"]
[EventType "swiss"]
[EventRounds "7"]
[EventCountry "GER"]
[SourceTitle "EXT 2023"]
[Source "ChessBase"]
[SourceDate "2022.10.05"]
[SourceVersion "1"]
[SourceVersionDate "2022.10.05"]
[SourceQuality "1"]

1. e4 d6 2. Bc4 Nf6 3. Nc3 c6 4. Bb3 e5 5. d4 Be7 6. Nge2 Nbd7 7. Be3 0-0 8. Qd2 Ng4 9. f4 Nxe3 10. Qxe3 exd4 11. Nxd4 Nc5 12. 0-0-0 a5 13. Bc4 Be6 14. Be2 Bd7 15. g4 b5 16. Nf5 Bxf5 17. gxf5 b4 18. Nb1 Qb6 19. Nd2 Rfe8 20. Kb1 a4 21. Nc4 Qa7 22. e5 d5 23. Nd2 b3 24. a3 bxc2+ 25. Kxc2 Qb7 26. Rhg1 Rab8 27. Rb1 Nb3 28. f6 Bxf6 29. Qg3 g6 30. Nxb3 axb3+ 31. Kd2 Qe7 32. h4 c5 33. h5 c4 34. hxg6 fxg6 35. Qf3 Kh8 36. exf6 Qxf6 37. Qc3 d4 38. Qxc4 Qxf4+ 39. Kd1 Qe3 40. Qd3 Qxg1+ 41. Kd2 Qg5+ 42. Kd1 Rbd8 43. Rc1 Re3 44. Qc4 0-1

[Event "Niederbayern-ch"]
[Site "Roehrnbach"]
[Date "2014.04.25"]
[Round "3"]
[White "Berisha, Regjep"]
[Black "Stadler, Alexander"]
[Result "0-1"]
[WhiteElo "1949"]
[BlackElo "2057"]
[PlyCount "136"]
[EventDate "2014.04.24"]
[EventType "swiss"]
[EventRounds "7"]
[EventCountry "GER"]
[SourceTitle "EXT 2023"]
[Source "ChessBase"]
[SourceDate "2022.10.05"]
[SourceVersion "1"]
[SourceVersionDate "2022.10.05"]
[SourceQuality "1"]

1. e4 d6 2. Bc4 Nf6 3. Nc3 Nxe4 4. Qh5 e6 5. Nxe4 d5 6. Bd3 dxe4 7. Bxe4 Nd7 8. Bd3 Nf6 9. Qe2 Be7 10. Nf3 0-0 11. b3 b6 12. Bb2 Bb7 13. c4 c5 14. Bc2 Qc7 15. 0-0-0 Rfd8 16. Rhg1 Nd7 17. Ne5 Nxe5 18. Bxe5 Bd6 19. Bc3 Rd7 20. g3 Qc6 21. f4 Qf3 22. Qxf3 Bxf3 23. Rdf1 Bb7 24. Rd1 Rad8 25. Rgf1 g6 26. d4 cxd4 27. Bxd4 Ba3+ 28. Bb2 Rxd1+ 29. Rxd1 Rxd1+ 30. Bxd1 Bc5 31. Be5 Bg1 32. h3 Bg2 33. Kd2 Kf8 34. b4 Ke7 35. b5 f6 36. Bb8 Kd7 37. a4 Bc5 38. Bxa7 Kc7 39. a5 Bb4+ 40. Kd3 Bxa5 41. c5 Bxh3 42. Be2 Kb7 43. Bxb6 Bxb6 44. cxb6 Kxb6 45. Kd4 Bg2 46. Bc4 Bh3 47. Be2 h6 48. g4 g5 49. fxg5 hxg5 50. Ke4 Bg2+ 51. Kd4 Bd5 52. Ke3 Kc5 53. Bf1 Bb7 54. Bd3 Bc8 55. Be2 Bd7 56. b6 Kxb6 57. Kd4 Kc6 58. Bf3+ Kd6 59. Be2 Bc6 60. Bd1 f5 61. gxf5 exf5 62. Ke3 Ke5 63. Kf2 Kf4 64. Bc2 g4 65. Bd3 g3+ 66. Kg1 Be4 67. Bf1 Ke3 68. Be2 f4 0-1

[Event "Niederbayernliga 1011"]
[Site "Germany"]
[Date "2011.01.16"]
[Round "5.5"]
[White "Haider, Andreas"]
[Black "Berisha, Regjep"]
[Result "0-1"]
[WhiteElo "1530"]
[BlackElo "1886"]
[PlyCount "86"]
[EventDate "2010.10.10"]
[EventType "team-tourn"]
[EventRounds "9"]
[EventCountry "GER"]
[SourceTitle "EXT 2012"]
[Source "ChessBase"]
[SourceDate "2011.11.24"]
[SourceVersion "1"]
[SourceVersionDate "2011.11.24"]
[SourceQuality "1"]
[WhiteTeam "Aham"]
[BlackTeam "Roehrnbach"]
[WhiteTeamCountry "GER"]
[BlackTeamCountry "GER"]

1. e4 c5 2. f4 e5 3. d3 d5 4. Nc3 d4 5. Nd5 Nf6 6. Nxf6+ gxf6 7. Qh5 Nc6 8. a3 Qa5+ 9. Bd2 Qb6 10. b3 Be7 11. Nf3 Qc7 12. f5 h6 13. h3 b6 14. Nh2 Bb7 15. Ng4 Rh7 16. Bxh6 0-0-0 17. Qh4 Rdh8 18. Qf2 Rxh6 19. Nxh6 Rxh6 20. Qd2 Rh8 21. h4 Bf8 22. g4 Bh6 23. Qg2 Be3 24. Ke2 b5 25. Kf3 Qd8 26. c3 Qa5 27. Qc2 Kb8 28. b4 cxb4 29. cxb4 Nxb4 30. Qb3 Nc6 31. Be2 Bf4 32. Ra2 Rf8 33. Qd5 Qd8 34. Qxb5 a6 35. Qb2 Qe7 36. Rb1 Ka8 37. Qb3 Rh8 38. h5 Be3 39. Rab2 Rb8 40. Qa4 Bg5 41. Rb6 Qc5 42. R1b5 Qc1 43. Rb2 Qh1+ 0-1

[Event "Niederbayernliga 1112"]
[Site "Bayern"]
[Date "2011.??.??"]
[Round "1"]
[White "Woitylak, Steffen"]
[Black "Berisha, Regjep"]
[Result "0-1"]
[WhiteElo "1896"]
[BlackElo "1862"]
[PlyCount "74"]
[EventDate "2011.10.??"]
[EventType "team-tourn"]
[EventRounds "9"]
[EventCountry "GER"]
[SourceTitle "EXT 2023"]
[Source "ChessBase"]
[SourceDate "2022.10.05"]
[SourceVersion "1"]
[SourceVersionDate "2022.10.05"]
[SourceQuality "1"]
[WhiteTeam "Geiselhoering"]
[BlackTeam "Roehrnbach"]
[WhiteTeamCountry "GER"]
[BlackTeamCountry "GER"]

1. Nf3 c5 2. b3 d6 3. Bb2 Nc6 4. e3 Nf6 5. d4 cxd4 6. exd4 Bf5 7. Be2 d5 8. 0-0 e6 9. Ne5 Bd6 10. Nd2 h5 11. Ndf3 Ng4 12. h3 Ngxe5 13. dxe5 Be7 14. Nd4 Nxd4 15. Bxd4 g5 16. Bb5+ Kf8 17. Bd3 Bxd3 18. Qxd3 g4 19. f4 f5 20. exf6 Bxf6 21. Be5 Bxe5 22. fxe5+ Ke7 23. Rf6 Qb6+ 24. Kh1 gxh3 25. Qxh3 h4 26. Raf1 Rae8 27. R1f4 Rh5 28. Rf7+ Kd8 29. Rxh4 Rxe5 30. Qg3 Re3 31. Qf2 Re7 32. Rh8+ Kd7 33. Rff8 Qd4 34. Rh4 Qa1+ 35. Kh2 Re1 36. g3 Qe5 37. Rff4 Re2 0-1

[Event "Niederbayernliga 0910"]
[Site "Germany"]
[Date "2010.02.07"]
[Round "6.2"]
[White "Berisha, Regjep"]
[Black "Palmi, Herbert"]
[Result "1/2-1/2"]
[WhiteElo "1878"]
[BlackElo "1988"]
[PlyCount "71"]
[EventDate "2009.10.18"]
[EventType "team-tourn"]
[EventRounds "9"]
[EventCountry "GER"]
[SourceTitle "EXT 2011"]
[Source "ChessBase"]
[SourceDate "2010.11.26"]
[SourceVersion "1"]
[SourceVersionDate "2010.11.26"]
[SourceQuality "1"]
[WhiteTeam "Roehrnbach"]
[BlackTeam "Bayerwald"]
[WhiteTeamCountry "GER"]
[BlackTeamCountry "GER"]

1. e4 e6 2. d4 d5 3. Nc3 dxe4 4. Nxe4 Nd7 5. Nf3 Ngf6 6. Bd3 Nxe4 7. Bxe4 Nf6 8. Bd3 c5 9. Be3 Qc7 10. c3 Bd7 11. Qe2 a6 12. h3 Be7 13. dxc5 Bxc5 14. Bxc5 Qxc5 15. Ne5 Rd8 16. 0-0 Bc6 17. Rfe1 0-0 18. Rad1 g6 19. Bb1 Nh5 20. Nxc6 Qxc6 21. Be4 Qc7 22. g3 b5 23. Bf3 Ng7 24. Rxd8 Rxd8 25. a4 Qb6 26. Rd1 Rxd1+ 27. Qxd1 Nf5 28. axb5 axb5 29. Kg2 Nd6 30. b3 Qc5 31. Qd3 Kg7 32. h4 e5 33. Bd5 e4 34. Bxe4 Nxe4 35. Qxe4 Qxc3 36. b4 1/2-1/2